| 000 | 00466nam a2200169Ia 4500 | ||
|---|---|---|---|
| 999 |
_c37200 _d37200 |
||
| 003 | OSt | ||
| 005 | 20200805123054.0 | ||
| 008 | 190216s9999||||xx |||||||||||||| ||und|| | ||
| 040 | _coclc | ||
| 082 |
_a519.5 _bSAX/E |
||
| 100 |
_aSaxena, H C _93983 |
||
| 245 | 0 |
_aElementary Statistics / _cH C Saxena |
|
| 260 |
_bS Chand & Co, _c1988. _aNew Delhi: |
||
| 300 | _a310p | ||
| 650 | _aMathematics | ||
| 942 |
_cBK _2ddc _h519.5 _iSAX/E _k519.5 _mSAX/E |
||